000 00647cam a22002172 4500
001 0000024254
005 20151217152258.0
008 130621s xx 000 0 eng d
020 _a8170001293 :
040 _aKABU
_cKABU
245 1 0 _aAcademic library development /
_ceditors, K.Rajasekharan, R. Raman Nair.
250 _a1st ed.
260 _aNew Delhi :
_bEss Ess,
_c1991.
300 _a94 p.
650 0 _aAcademic libraries.
_@0000184247
700 1 _aRajasekharan, K.
_@0000184248
700 1 _aNair, R. Raman.
_@0000184249
852 1 _9p1020 KES
908 _a130621
950 _@1
999 _c10207
_d10207